| 000 | 00623cam a2200217 a 4500 | ||
|---|---|---|---|
| 005 | 20131010053930.0 | ||
| 008 | 880422s1973 nyu b 001 0 eng d | ||
| 041 | 0 | _aeng | |
| 080 | _a159.9 | ||
| 100 | 1 |
_aFromm, Erich, _d1900-1980. |
|
| 245 | 1 | 4 |
_aThe anatomy of human destructiveness / _cErich Fromm. |
| 250 | _a[1st ed.] | ||
| 260 |
_aNew York : _bHolt, Rinehart and Winston, _c1973. |
||
| 300 |
_axvi, 521 p. ; _c24 cm. |
||
| 500 | _aPreface f. : XI - XIII | ||
| 500 | _aIncludes index. | ||
| 504 | _aBibliography: p. 479-498. | ||
| 650 | 0 | _2Psikologjia gjenetike | |
| 650 | 0 | _2Psikologjia sociale | |
| 942 |
_2udc _cBK |
||
| 999 |
_c87 _d87 |
||